000 00408nam a2200169Ia 4500
005 20250508160929.0
008 008 250505s9999 xx 000 0 eng d
037 _aBooks to be hide in OPAC
040 _aFEDL
_beng
_cFEDL
041 _aeng
_2eng
084 _qFEDL
100 _aBarker L M Ed.
_9769773
245 0 _aPears cyclopaedia
260 _c1975
942 _cHB
999 _c1367459
_d1367459